000 00527nam a2200205Ia 4500
005 20250923150121.0
008 008 250917s9999 xx 000 0 eng d
037 _aTextual
040 _aDSWL
_beng
_cDSWL
041 _aeng
_2eng
084 _qDSWL
100 _aRehman, Kanta
_9842410
245 0 _aHuman rights and the deprived
_c by Kanta Rehman
260 _aNew Delhi
_b Commonwealth India
_c2002
300 _a222p.
365 _aINR
_b475
925 _g475
942 _cTEXL
999 _c1459734
_d1459734